1600 1000 1378 1989 1456 1628 1420 1633 1215 1286 1494 1915 1450 1113 1651 1853 1033 1611 1521 1770 1701 1895 1812 1608 1611 1905 1425 1395 1486 1637 1201 1388 1342 1646 1599 1840 1813 1421 1263 1651 1923 1980 1375 1223 1884 1997 1348 1319 1383 1554 1379 1281 1128 1817 1732 1267 1023 1002 1622 1258 1085 1589 1639 1124 1872 1004 1072 1444 1989 1593 1729 1374 1106 1149 1602 1232 1662 1122 1730 1324 1925 1853 1614 1198 1559 1322 1651 1039 1072 1485 1597 1363 1539 1560 1732 1870 1211 1654 1020 BCNSPRNW ULIB Ver.6.0+V

เปลี่ยนเป็นภาษาไทย

Change to English
 แสดงรายละเอียดบรรณานุกรม
  กลับหน้าหลัก

Brief Record : Get Marc (ISO 2709) : E-mail record : QR code < ปิดหน้าต่าง
LEADER : 00000nam 2200000uu 4500
001    13399126119
003     ULIB
008    180611s2016||||th 000 0 tha d
020     ^a9781438076409 (book with audio CD)
050    ^aPE3235^bL735B
100 1  ^aLougheed, Lin
245 10 ^aBarron The Leader in Test Preparation IELTS Strategies and Tips /^cLin Lougheed
250    ^a2nd ed.
260    ^aHauppauge, N.Y.^bBarron Educational Series,^c2016
300    ^a1audio CD :^bsd.,col ;^c4 3/4 in.^e1book
490 0  ^aIELTS Superpack
590    ^aPurchase-E-17
650  0 ^aInternational English Language Testing System^vStudy guides
650  0 ^aEnglish language^vTextbooks for foreign speakers
650  0 ^aEnglish language^xExaminations^vStudy guides
650  0 ^aVocabulary^xExaminations^vStudy guides
850    ^aPSUCL
945    ^p805^l0^i004206
945    ^p805^l0^i004207
999    ^aวรรณษา ชูชัยมงคล
รายการนี้ยังไม่มีแท็ก
คุณยังไม่ได้ล็อกอิน คุณสามารถมีกิจกรรมร่วมกับเว็บไซต์ได้ แต่ต้องล็อกอินก่อน ::
  ล็อกอิน

รายการสื่อสารสนเทศ

ลำดับที่ ประเภท เลขเรียก/บาร์โค้ด สถานที่ สถานะ
1. วิทยาศาสตร์การแพทย์ และสุขภาพ
หนังสือสำรอง
สถานะ=หนังสือสำรอง
PE3235 L735B ฉ.1 
  Barcode: 004206
ห้องสมุดวิทยาเขตนครสวรรค์
►นวนิยาย:l:Fiction
ถูกยืม กำหนดส่งวันที่ 6 กุมภาพันธ์ 2569
  จอง
2. วิทยาศาสตร์การแพทย์ และสุขภาพ
วิทยาศาสตร์การแพทย์ และสุขภาพ
PE3235 L735B ฉ.2 
  Barcode: 004207
ห้องสมุดวิทยาเขตนครสวรรค์
►นวนิยาย:l:Fiction
บนชั้น

รายการใกล้เคียง
    ผู้แต่ง [Lougheed, Lin]

BibComment


ยังไม่เคยถูกคอมเมนท์

คอมเมนท์ทรัพยากรรายการนี้
  คอมเมนท์: Barron The Leade..


 Copyright 2026. Bcnsprnw @Library